Ελληνική μυθολογία
Αποθηκεύτηκε σε:
| Άλλοι συγγραφείς: | |
|---|---|
| Μορφή: | Βιβλίο |
| Γλώσσα: | Greek |
| Δημοσίευση: |
Αθήνα :
Εκδοτική Αθηνών,
c1986-1987.
|
| Θέματα: | |
| Ετικέτες: |
Προσθήκη ετικέτας
Δεν υπάρχουν, Καταχωρήστε ετικέτα πρώτοι!
|
MARC
| LEADER | 00000cam a2200000 i 4500 | ||
|---|---|---|---|
| 001 | 1/92360 | ||
| 008 | 940111m19861987gr | ||| |||| ||gre|| | ||
| 020 | |a 9602131535 (τ.1) | ||
| 020 | |a 9602131527 (τ.2) | ||
| 020 | |a 9602131551 (τ.3) | ||
| 020 | |a 960213156X (τ.4) | ||
| 020 | |a 9602131527 (τ.5) | ||
| 035 | |a 1994 |c ΒΙΒΛΙΟΘΗΚΗ |l 10008443 | ||
| 035 | |a 1990 |b 2 |c Αγορά | ||
| 035 | |a 1998 |b 1 |c ΚΠΣ/ΔΕ | ||
| 040 | |a GR-MyUA |b gre |e AACR2 | ||
| 041 | 0 | |a gre | |
| 082 | 0 | |a 398.203 |2 (22) | |
| 245 | 1 | 0 | |a Ελληνική μυθολογία / |c γενική εποπτεία Ι.Θ. Κακριδής. |
| 260 | |a Αθήνα : |b Εκδοτική Αθηνών, |c c1986-1987. | ||
| 300 | |a 5 τ. : |b εικ. ; |c 30 εκ. | ||
| 504 | |a Περιλαμβάνει βιβλιογραφικές αναφορές και ευρετήριο. | ||
| 505 | 0 | |a Τ. 1. Εισαγωγή στο μύθο -- τ. 2. Οι θεοί -- τ. 3. Οι ήρωες: τοπικές παραδόσεις -- τ. 4. Ηρακλής - Πανελλήνιες εκστρατείες: Ηρακλής, Αργοναυτική Εκστρατεία, "Επτά επί Θήβας" -- τ. 5. Τρωϊκός πόλεμος. | |
| 650 | 0 | 0 | |a Mythology, Greek |x Encyclopedias. |
| 650 | 0 | 0 | |a Mythology, Greek. |
| 700 | 1 | |a Κακριδής, Ιωάννης Θ., |d 1901-1992, |e edt | |
| 852 | |a INST |b LESVOS |e 19940112 |h 398.203 ΕΛΛ |p 005100022992 |q 005100022992 |t REF |y 23 |z τ.5 | ||
| 852 | |a INST |b LESVOS |e 19940112 |h 398.203 ΕΛΛ |p 005100022993 |q 005100022993 |t REF |y 23 |z τ.4 | ||
| 852 | |a INST |b LESVOS |e 19940112 |h 398.203 ΕΛΛ |p 005100022994 |q 005100022994 |t REF |y 23 |z τ.3 | ||
| 852 | |a INST |b LESVOS |e 19940112 |h 398.203 ΕΛΛ |p 005100022995 |q 005100022995 |t REF |y 23 |z τ.2 | ||
| 852 | |a INST |b LESVOS |e 19940111 |h 398.203 ΕΛΛ |p 005100022996 |q 005100022996 |t REF |y 23 |z τ.1 | ||
| 852 | |a INST |b LESVOS |e 19940112 |h 398.203 ΕΛΛ |p 005100022992 |q 005100022992 |t REF |v τ.5: |y 23 |z τ.5 | ||
| 852 | |a INST |b LESVOS |e 19940112 |h 398.203 ΕΛΛ |p 005100022993 |q 005100022993 |t REF |v τ.4: |y 23 |z τ.4 | ||
| 852 | |a INST |b LESVOS |e 19940112 |h 398.203 ΕΛΛ |p 005100022994 |q 005100022994 |t REF |v τ.3: |y 23 |z τ.3 | ||
| 852 | |a INST |b LESVOS |e 19940112 |h 398.203 ΕΛΛ |p 005100022995 |q 005100022995 |t REF |v τ.2: |y 23 |z τ.2 | ||
| 852 | |a INST |b LESVOS |e 19940111 |h 398.203 ΕΛΛ |p 005100022996 |q 005100022996 |t REF |v τ.1: |y 23 |z τ.1 | ||
| 852 | |a INST |b RHODES |e 19990126 |h 398.209495 ΕΛΛ |p 005400005768 |q 005400005768 |t REF |y 23 |z τ.1 | ||
| 852 | |a INST |b RHODES |e 19990126 |h 398.209495 ΕΛΛ |p 005400005775 |q 005400005775 |t REF |y 23 |z τ.5 | ||
| 852 | |a INST |b RHODES |e 19990126 |h 398.209495 ΕΛΛ |p 005400005776 |q 005400005776 |t REF |y 23 |z τ.4 | ||
| 852 | |a INST |b RHODES |e 19990126 |h 398.209495 ΕΛΛ |p 005400005777 |q 005400005777 |t REF |y 23 |z τ.3 | ||
| 852 | |a INST |b RHODES |e 19990126 |h 398.209495 ΕΛΛ |p 005400005778 |q 005400005778 |t REF |y 23 |z τ.2 | ||
| 852 | |a INST |b RHODES |e 19960530 |h 398.209495 ΕΛΛ |p 005400009132 |q 005400009132 |t REF |y 23 |z τ.5 | ||
| 852 | |a INST |b RHODES |e 19960530 |h 398.209495 ΕΛΛ |p 005400009133 |q 005400009133 |t REF |y 23 |z τ.4 | ||
| 852 | |a INST |b RHODES |e 19960530 |h 398.209495 ΕΛΛ |p 005400009134 |q 005400009134 |t REF |y 23 |z τ.3 | ||
| 852 | |a INST |b RHODES |e 19960530 |h 398.209495 ΕΛΛ |p 005400009135 |q 005400009135 |t REF |y 23 |z τ.2 | ||
| 852 | |a INST |b RHODES |e 19960530 |h 398.209495 ΕΛΛ |p 005400009136 |q 005400009136 |t REF |y 23 |z τ.1 | ||
| 852 | |a INST |b RHODES |e 20120315 |h 398.209495 ΕΛΛ |p 005400034166 |q 005400034166 |t REF |y 23 |z τ.1 | ||
| 852 | |a INST |b RHODES |e 20120315 |h 398.209495 ΕΛΛ |p 005400034167 |q 005400034167 |t REF |y 23 |z τ.1 | ||
| 852 | |a INST |b RHODES |e 20120315 |h 398.209495 ΕΛΛ |p 005400034168 |q 005400034168 |t REF |y 23 |z τ.1 | ||
| 852 | |a INST |b RHODES |e 20120315 |h 398.209495 ΕΛΛ |p 005400034169 |q 005400034169 |t REF |y 23 |z τ.4 | ||
| 852 | |a INST |b RHODES |e 20120315 |h 398.209495 ΕΛΛ |p 005400034170 |q 005400034170 |t REF |y 23 |z τ.4 | ||
| 852 | |a INST |b RHODES |e 19990126 |h 398.209495 ΕΛΛ |p 005400005768 |q 005400005768 |t REF |v τ.1: |y 23 |z τ.1 | ||
| 852 | |a INST |b RHODES |e 19990126 |h 398.209495 ΕΛΛ |p 005400005775 |q 005400005775 |t REF |v τ.5: |y 23 |z τ.5 | ||
| 852 | |a INST |b RHODES |e 19990126 |h 398.209495 ΕΛΛ |p 005400005776 |q 005400005776 |t REF |v τ.4: |y 23 |z τ.4 | ||
| 852 | |a INST |b RHODES |e 19990126 |h 398.209495 ΕΛΛ |p 005400005777 |q 005400005777 |t REF |v τ.3: |y 23 |z τ.3 | ||
| 852 | |a INST |b RHODES |e 19990126 |h 398.209495 ΕΛΛ |p 005400005778 |q 005400005778 |t REF |v τ.2: |y 23 |z τ.2 | ||
| 852 | |a INST |b RHODES |e 19960530 |h 398.209495 ΕΛΛ |p 005400009132 |q 005400009132 |t REF |v τ.5: |y 23 |z τ.5 | ||
| 852 | |a INST |b RHODES |e 19960530 |h 398.209495 ΕΛΛ |p 005400009133 |q 005400009133 |t REF |v τ.4: |y 23 |z τ.4 | ||
| 852 | |a INST |b RHODES |e 19960530 |h 398.209495 ΕΛΛ |p 005400009134 |q 005400009134 |t REF |v τ.3: |y 23 |z τ.3 | ||
| 852 | |a INST |b RHODES |e 19960530 |h 398.209495 ΕΛΛ |p 005400009135 |q 005400009135 |t REF |v τ.2: |y 23 |z τ.2 | ||
| 852 | |a INST |b RHODES |e 19960530 |h 398.209495 ΕΛΛ |p 005400009136 |q 005400009136 |t REF |v τ.1: |y 23 |z τ.1 | ||
| 852 | |a INST |b RHODES |e 20120315 |h 398.209495 ΕΛΛ |p 005400034166 |q 005400034166 |t REF |v τ.1: |y 23 |z τ.1 | ||
| 852 | |a INST |b RHODES |e 20120315 |h 398.209495 ΕΛΛ |p 005400034167 |q 005400034167 |t REF |v τ.1: |y 23 |z τ.1 | ||
| 852 | |a INST |b RHODES |e 20120315 |h 398.209495 ΕΛΛ |p 005400034168 |q 005400034168 |t REF |v τ.1: |y 23 |z τ.1 | ||
| 852 | |a INST |b RHODES |e 20120315 |h 398.209495 ΕΛΛ |p 005400034169 |q 005400034169 |t REF |v τ.4: |y 23 |z τ.4 | ||
| 852 | |a INST |b RHODES |e 20120315 |h 398.209495 ΕΛΛ |p 005400034170 |q 005400034170 |t REF |v τ.4: |y 23 |z τ.4 | ||
| 852 | |a INST |b RHODES |c KRI |e 20051213 |h 398.209495 ΕΛΛ |p 005400021813 |q 005400021813 |t REF |v τ.4: |y 23 |z τ.4 | ||
| 852 | |a INST |b RHODES |c KRI |e 20051213 |h 398.209495 ΕΛΛ |p 005400021814 |q 005400021814 |t REF |v τ.1: |y 23 |z τ.1 | ||
| 852 | |a INST |b RHODES |c KRI |e 20051213 |h 398.209495 ΕΛΛ |p 005400030432 |q 005400030432 |t REF |v τ.2: |y 23 |z τ.2 | ||
| 852 | |a INST |b RHODES |c KRI |e 20051213 |h 398.209495 ΕΛΛ |p 005400030434 |q 005400030434 |t REF |v τ.5: |y 23 |z τ.5 | ||
| 852 | |a INST |b RHODES |c KRI |e 20051213 |h 398.209495 ΕΛΛ |p 005400030435 |q 005400030435 |t REF |v τ.3: |y 23 |z τ.3 | ||
| 852 | |a INST |b SAMOS |e 19941103 |h 292.1303 ΕΛΛ |p 005300011835 |q 005300011835 |t REF |y 23 |z τ.5 | ||
| 852 | |a INST |b SAMOS |e 19941103 |h 292.1303 ΕΛΛ |p 005300011836 |q 005300011836 |t REF |y 23 |z τ.4 | ||
| 852 | |a INST |b SAMOS |e 19941103 |h 292.1303 ΕΛΛ |p 005300011837 |q 005300011837 |t REF |y 23 |z τ.3 | ||
| 852 | |a INST |b SAMOS |e 19941103 |h 292.1303 ΕΛΛ |p 005300011838 |q 005300011838 |t REF |y 23 |z τ.2 | ||
| 852 | |a INST |b SAMOS |e 19941103 |h 292.1303 ΕΛΛ |p 005300011839 |q 005300011839 |t REF |y 23 |z τ.1 | ||
| 852 | |a INST |b SAMOS |e 19941103 |h 292.1303 ΕΛΛ |p 005300011835 |q 005300011835 |t REF |v τ.5: |y 23 |z τ.5 | ||
| 852 | |a INST |b SAMOS |e 19941103 |h 292.1303 ΕΛΛ |p 005300011836 |q 005300011836 |t REF |v τ.4: |y 23 |z τ.4 | ||
| 852 | |a INST |b SAMOS |e 19941103 |h 292.1303 ΕΛΛ |p 005300011837 |q 005300011837 |t REF |v τ.3: |y 23 |z τ.3 | ||
| 852 | |a INST |b SAMOS |e 19941103 |h 292.1303 ΕΛΛ |p 005300011838 |q 005300011838 |t REF |v τ.2: |y 23 |z τ.2 | ||
| 852 | |a INST |b SAMOS |e 19941103 |h 292.1303 ΕΛΛ |p 005300011839 |q 005300011839 |t REF |v τ.1: |y 23 |z τ.1 | ||
| 853 | |a INST |b LESVOS |h 398.203 ΕΛΛ | ||
| 853 | |a INST |b RHODES |h 398.209495 ΕΛΛ | ||
| 853 | |a INST |b RHODES |c KRI |h 398.209495 ΕΛΛ | ||
| 853 | |a INST |b SAMOS |h 292.1303 ΕΛΛ | ||
| 901 | |a BIBL4-2012-1 | ||